000 01303nam0a22002891 4500
001 rc\3681788
005 20260407111618.0
021 _aRU
_b72-ОЭ-1119/13
021 _aRU
_bРг8793-72
035 _a(NLR Aleph) 007751589
090 _a7269666
_c7269666
100 _a20130115d1972 |||y0rusy50 ca
101 0 _arus
102 _aRU
105 _ay z |||||
200 1 _aМетодические рекомендации в помощь пропагандистам кружков "Основы социалистической экономики" при изучении темы "Рост производительности труда - коренная экономическая задача"
_fДом полит. просвещения Мин. обкома КПБ
210 _aМинск
_cБ. и.
_d1972
215 _a[2], 26 с.
_d20
300 _aНа обороте тит. л.: подгот.: канд. экон. наук Передкова Л.И.
320 _aБиблиогр.: с. 26
702 1 _aПередкова
_bЛ.И.
_4570
712 0 2 _aМинский обл. дом политического просвещения
_3RU\NLR\AUTH\889939313
_9373496
801 0 _aRU
_bNLR
_gpsbo
801 1 _aRU
_bELAR
_2rusmarc
852 _aNLR
_j72-4/14516
942 _cBOOK
980 _aNB